| 000 | 01142cam a22003854a 4500 | ||
|---|---|---|---|
| 001 | 5784 | ||
| 003 | FISKH | ||
| 005 | 20250122102057.0 | ||
| 008 | 040804s2005 nyua a 000 1 eng | ||
| 010 | _a 2004017889 | ||
| 020 | _a1416902686 (pbk.) | ||
| 020 | _a9781416902683 | ||
| 040 |
_aDLC _cDLC _dDLC _beng |
||
| 050 | _aPZ7.H772 | ||
| 082 | _a823.91 | ||
| 100 | 1 | _aHope, Laura Lee. | |
| 245 | 1 | 0 |
_aFreddie and Flossie at the beach / _cby Laura Lee Hope ; illustrated by Chuck Pyle. |
| 250 | _a1st Aladdin pbk. ed. | ||
| 260 |
_aNew York : _bAladdin, _c2005. |
||
| 300 |
_a24 pages : _bcolor illustrations ; _c23 cm |
||
| 440 | 0 | _aReady-to-read | |
| 490 | 1 | _aThe Bobbsey twins | |
| 505 | _aD | ||
| 520 | _aTwins Freddie and Flossie enjoy a day at the beach with their dog Snap. | ||
| 521 | 8 |
_a160
_bLexile |
|
| 521 | 8 |
_aD
_bRaz-Plus |
|
| 650 | 1 |
_aTwins _vFiction. |
|
| 650 | 1 |
_aSiblings _vFiction. |
|
| 650 | 1 |
_aBeaches _vFiction. |
|
| 650 | 1 |
_aDogs _vFiction. |
|
| 700 | 1 |
_aPyle, Chuck, _d1954- _eillustrator |
|
| 906 |
_a7 _bcbc _corignew _d1 _eecip _f20 _gy-gencatlg |
||
| 942 |
_2ddc _cBK _n0 |
||
| 999 |
_c5784 _d5784 |
||